00761nam a2200253 a 4500001001300000003000900013005001700022008004100039020002300080082002000103100002100123245003700144260003900181300000900220500003500229505002400264650002300288650002400311700002100335902000800356942000700364952012100371999001500492nice12345678IN_TiNIC20260116012308.0050524s1994 jaia grp 000 0 eng  a817033X c32500a306.810201bJOS aJoseph, Mariamma aMarriage Among Indian Christians aJaipur bRawat Publications c1994 a242p aincludes index and biblioraphy2 aIndex, Bibliography aChristianity-India aMarriage-Cannon Law1 aJoseph, Mariamma bSRS cBK 001040708StackRoom-aHMIbHMId2008-04-08g325.00l0o306.810201 JOSp014657r2008-04-08v325.00w2005-05-24yBK c6437d6437